Estudio y planteamiento de una red óptica pasiva con capacidad de GIGABIT (GPON) para un conjunto residencial en San Juan del Sur

Presenta un estudio de redes de comunicaciones FTTH basados en GPON que brinden servicios OTT de última generación a usuarios residenciales, con notables ventajas de transmisión sobre otros medios físicos de comunicación, con los estándares de calidad de servicio y soporte necesarios que garan...

Full description

Bibliographic Details
Main Authors: Cruz Somarriba, Oscar José, Rojas Bravo, Marlon Enrique
Other Authors: Tutor: Ortega Huembes, Carlos Alberto
Format: Tesis Section = Libro
Language:Undetermined
Spanish
Published: Managua UNI 2020
Subjects:
LEADER 01307nam a2200265Ia 4500
008 240830s9999 xx 000 0 und d
040 |a BIBLIOTECA-RUSB/ Mon 621.3827 C957 
041 |a spa 
082 |a Mon 621.3827 C957 
100 1 |a Cruz Somarriba, Oscar José 
100 1 |b Rojas Bravo, Marlon Enrique 
245 1 0 |a Estudio y planteamiento de una red óptica pasiva con capacidad de GIGABIT (GPON) para un conjunto residencial en San Juan del Sur 
260 |a Managua  |b UNI  |c 2020 
300 |a 90 p. :il. 
500 |a Contiene: anexos y CD. 
502 |a Tesis (Ingeniero Electrónico) - UNI, 2020. 
520 3 |a Presenta un estudio de redes de comunicaciones FTTH basados en GPON que brinden servicios OTT de última generación a usuarios residenciales, con notables ventajas de transmisión sobre otros medios físicos de comunicación, con los estándares de calidad de servicio y soporte necesarios que garanticen disponibilidad, seguridad y escalamiento a un costo de implementación y mantenimiento sostenibles a mediano plazo. 
650 7 |a REDES DE TELECOMUNICACIONES 
650 7 |b  FIBRA OPTICA 
650 7 |c  SISTEMAS DE COMUNICACION 
650 7 |d  COMUNICACIONES OPTICAS 
700 1 |a Tutor:  |b Ortega Huembes, Carlos Alberto 
942 |c BK  |2 ddc 
991 |a TESIS 
999 |c 20291